A first course of homological algebra
Saved in:
| Hovedforfatter: | |
|---|---|
| Format: | Bog |
| Sprog: | engelsk |
| Udgivet: |
Londres
Cambridge University Press
1973
|
| Fag: | |
| Tags: |
Tilføj Tag
Ingen Tags, Vær først til at tagge denne postø!
|
MARC
| LEADER | 00000nam a2200000 a 4500 | ||
|---|---|---|---|
| 001 | UCQ8865 | ||
| 003 | CL-VaPUC | ||
| 008 | 981217e19730000UK |||||||||||||||||eng|d | ||
| 082 | 0 | 4 | |a 512.55 |b NOR |2 21 |
| 100 | |a Northcott, D. G. |q (Douglas Geoffrey) |e author |9 424056 | ||
| 245 | 1 | 2 | |a A first course of homological algebra |
| 300 | |a 206 p | ||
| 942 | |c BK | ||
| 945 | |d 19981217 00:00:00 |a crobeson | ||
| 260 | |a Londres |b Cambridge University Press |c 1973 | ||
| 650 | 0 | |a Álgebra homológica |9 270579 | |
| 650 | 0 | |a Polinomios |9 270626 | |
| 650 | 0 | |a Anillos |9 374316 | |
| 650 | 0 | |a Matrices |9 22 | |
| 583 | |a last modification |c 19981217 00:00:00 |k Rodrigo Vera | ||
| 999 | |c 278036 |d 278034 | ||
| 952 | |0 0 |1 0 |4 0 |6 512_550000000000000_NOR_1973 |7 0 |8 A |9 316360 |a BIBMAT |b BIBMAT |d 2019-11-20 |i 130447K |o 512.55 NOR 1973 |p 130447K |r 2025-01-07 |w 2019-11-20 |y BK |k MAT | ||